[Event "34.Schlosspark-Open"]
[Site "Wiesbaden-Biebrich"]
[Date "2025.08.31"]
[Round "6.48"]
[White "Färber, Anna"]
[Black "Schmitt, Carsten"]
[Result "1/2-1/2"]
[WhiteElo "1781"]
[BlackElo "1913"]
[PlyCount "43"]
[EventDate "2025.08.28"]
[WhiteTeam "SV 1947 Walldorf"]
[BlackTeam "SV Bergwinkel"]

1. e4 e6 2. d4 d5 3. e5 c5 4. c3 Qb6 5. Nf3 Nc6 6. Bd3 cxd4 7. O-O Bd7 8. Re1 Nge7 9. Nbd2 dxc3 10. bxc3 Ng6 11. Nb3 Qc7 12. Qe2 Be7 13. Nbd4 a6 14. g3 Rc8 15. Nxc6 Bxc6 16. h4 Nf8 17. Nd4 Ba4 18. Bd2 Nd7 19. Qh5 g6 20. Qe2 Ba3 21. Rab1 Nc5 22. Qf3 1/2-1/2

[Event "34.Schlosspark-Open"]
[Site "Wiesbaden-Biebrich"]
[Date "2025.08.31"]
[Round "6.49"]
[White "Mönch, Dorothée"]
[Black "Stehning, Toni"]
[Result "0-1"]
[WhiteElo "1768"]
[BlackElo "1891"]
[PlyCount "36"]
[EventDate "2025.08.28"]
[WhiteTeam "Sfr.Mainz 1928"]
[BlackTeam "SF Braunfels"]

1. d4 d5 2. c4 e6 3. Nf3 c5 4. cxd5 exd5 5. g3 Nc6 6. Bg2 Nf6 7. O-O Be7 8. dxc5 Bxc5 9. a3 Ne4 10. Nfd2 a5 11. Nc3 Nxc3 12. bxc3 O-O 13. Qb3 Qf6 14. e4 dxe4 15. Bxe4 Re8 16. Qc2 Bh3 17. Bxh7+ Kh8 18. Ne4 Qf3 0-1

[Event "34.Schlosspark-Open"]
[Site "Wiesbaden-Biebrich"]
[Date "2025.08.31"]
[Round "6.50"]
[White "Sefeloge, Michael"]
[Black "Behr, Julian"]
[Result "0-1"]
[WhiteElo "1761"]
[BlackElo "1898"]
[PlyCount "90"]
[EventDate "2025.08.28"]
[WhiteTeam "SV Turm Lahnstein"]
[BlackTeam "Sfr.Mainz 1928"]

1. d4 Nf6 2. c4 g6 3. Nf3 Bg7 4. e3 c5 5. dxc5 Na6 6. Nc3 Nxc5 7. Be2 O-O 8. O-O d6 9. Nd2 Bf5 10. Bf3 Rb8 11. e4 Be6 12. Qc2 a6 13. b3 b5 14. cxb5 axb5 15. Bb2 b4 16. Nd5 Nxd5 17. Bxg7 Ne3 18. fxe3 Kxg7 19. Rad1 f6 20. Nc4 Qc7 21. Rf2 Rfc8 22. Rfd2 Nd7 23. Rc1 Bxc4 24. bxc4 Ne5 25. Qb3 Qa5 26. Rd5 Qa3 27. Qxa3 bxa3 28. Rd2 Rxc4 29. Rxc4 Nxc4 30. Re2 Rb2 31. Kf2 Ne5 32. Ke1 Nd3+ 33. Kd1 Nb4 34. Rd2 Rxa2 35. Rxa2 Nxa2 36. Kc2 Nb4+ 37. Kb3 a2 38. Kb2 f5 39. exf5 gxf5 40. e4 fxe4 41. Bxe4 d5 42. Bf5 e5 43. g4 e4 44. g5 e3 45. Bg4 d4 0-1

[Event "34.Schlosspark-Open"]
[Site "Wiesbaden-Biebrich"]
[Date "2025.08.31"]
[Round "6.51"]
[White "Vilain, Philip"]
[Black "Kalina, Lena"]
[Result "0-1"]
[WhiteElo "1767"]
[BlackElo "1891"]
[PlyCount "58"]
[EventDate "2025.08.28"]
[WhiteTeam "SC Heitersheim"]
[BlackTeam "SC Landskrone"]

1. e4 c5 2. Nf3 Nc6 3. d4 cxd4 4. Nxd4 g6 5. Nc3 Bg7 6. Be3 Nf6 7. f3 O-O 8. Qd2 d5 9. Nxc6 bxc6 10. Be2 e5 11. exd5 cxd5 12. Bg5 Be6 13. Rd1 d4 14. Ne4 Nxe4 15. fxe4 Qb6 16. b3 f5 17. Bf3 fxe4 18. Bxe4 Rac8 19. h4 Bg4 20. Rc1 Qa6 21. a4 Rc3 22. Bd3 Qb7 23. Rf1 Bf5 24. Bxf5 Rxf5 25. Rxf5 Qe4+ 26. Kf2 gxf5 27. Kg1 Qc6 28. Qf2 f4 29. Be7 Rxb3 0-1

[Event "34.Schlosspark-Open"]
[Site "Wiesbaden-Biebrich"]
[Date "2025.08.31"]
[Round "6.53"]
[White "Joshi, Kanad"]
[Black "Gundlach, Michael"]
[Result "1/2-1/2"]
[WhiteElo "1749"]
[BlackElo "2070"]
[PlyCount "29"]
[EventDate "2025.08.28"]
[WhiteTeam "SV Oberursel"]
[BlackTeam "Sfr.Mainz 1928"]

1. e4 d6 2. Nf3 Nf6 3. d3 e5 4. g3 Be7 5. Bg2 O-O 6. O-O c6 7. c3 Nbd7 8. Re1 Qc7 9. d4 Re8 10. Qd3 Bf8 11. Nbd2 a5 12. a4 b6 13. b3 Bb7 14. Ba3 Rad8 15. Rad1 1/2-1/2

[Event "34.Schlosspark-Open"]
[Site "Wiesbaden-Biebrich"]
[Date "2025.08.31"]
[Round "6.54"]
[White "Schmidt, Jörg"]
[Black "Pioch, Thomas"]
[Result "0-1"]
[WhiteElo "1800"]
[BlackElo "2007"]
[PlyCount "88"]
[EventDate "2025.08.28"]
[WhiteTeam "SK Niederbrechen 1948"]
[BlackTeam "SC Flörsheim 1921"]

1. d4 e6 2. c3 Nf6 3. Nd2 d5 4. e3 Be7 5. Bd3 Nbd7 6. e4 dxe4 7. Nxe4 Nxe4 8. Bxe4 Nf6 9. Bc2 Bd7 10. Nf3 Bc6 11. O-O Bxf3 12. Qxf3 Qd5 13. Qd3 O-O-O 14. Bf4 Bd6 15. Bxd6 Qxd6 16. Rfe1 Kb8 17. Rad1 h5 18. c4 h4 19. Qf3 c6 20. Re5 Qc7 21. b4 Rxd4 22. Rxd4 Qxe5 23. Qd1 Qc7 24. a4 e5 25. Rd6 Nd5 26. c5 Rd8 27. Qh5 Rxd6 28. cxd6 Qxd6 29. Qh8+ Kc7 30. Qxg7 Nxb4 31. Qxf7+ Kb6 32. Qb3 a5 33. h3 Qd2 34. Bh7 Qe1+ 35. Kh2 Qxf2 36. Qc4 Qd4 37. Qe2 Qf4+ 38. Kg1 Qd4+ 39. Kh2 Nd5 40. Qf3 Qf4+ 41. Kg1 Qxf3 42. gxf3 Kc5 43. Kf2 b5 44. Bc2 Nf4 0-1

[Event "34.Schlosspark-Open"]
[Site "Wiesbaden-Biebrich"]
[Date "2025.08.31"]
[Round "6.55"]
[White "Hrytseniuk, Yanislav"]
[Black "Michalski, Uwe"]
[Result "1-0"]
[WhiteElo "1963"]
[BlackElo "1798"]
[PlyCount "89"]
[EventDate "2025.08.28"]
[WhiteTeam "Sfr.Mainz 1928"]
[BlackTeam "Sfr.Mainz 1928"]

1. e4 e5 2. Nf3 Nc6 3. Bc4 f5 4. d3 Bc5 5. Bxg8 Rxg8 6. Ng5 Qf6 7. Qh5+ g6 8. Qd1 f4 9. h4 h6 10. Nf3 d6 11. c3 Bg4 12. b4 Bb6 13. Nbd2 a6 14. Bb2 O-O-O 15. Qc2 d5 16. O-O-O d4 17. Nc4 Ba7 18. Rd2 Kb8 19. a4 Be6 20. Na3 Rd7 21. b5 axb5 22. axb5 dxc3 23. Bxc3 Nd4 24. Nxd4 Bxd4 25. Kb2 Rgd8 26. Nb1 Bf7 27. Kc1 Qb6 28. Na3 Qc5 29. Bxd4 Qxd4 30. Rhd1 Qa1+ 31. Nb1 Rd4 32. Qc3 Qa4 33. Rb2 Rxe4 34. Rc2 Red4 35. Qxc7+ Ka8 36. Qxf7 Qxb5 37. Qc7 R8d5 38. Ra2+ Ra4 39. Rxa4+ Qxa4 40. Nc3 Qa3+ 41. Kc2 Rc5 42. Ra1 Qxa1 43. Qxc5 Qe1 44. Nb5 Qe2+ 45. Kc3 1-0

[Event "34.Schlosspark-Open"]
[Site "Wiesbaden-Biebrich"]
[Date "2025.08.31"]
[Round "6.56"]
[White "Böhnke, Marc"]
[Black "Clauss, Hendrik"]
[Result "1-0"]
[WhiteElo "1921"]
[BlackElo "1796"]
[PlyCount "89"]
[EventDate "2025.08.28"]
[WhiteTeam "Schachfreunde Eltville"]
[BlackTeam "SC Bergen-Enkheim 1922"]

1. d4 e6 2. c4 Nf6 3. Nf3 d5 4. Nc3 Be7 5. Bg5 h6 6. Bh4 O-O 7. e3 b6 8. Bd3 dxc4 9. Bxc4 Bb7 10. O-O Nbd7 11. Qc2 c5 12. Rfd1 Qe8 13. Nb5 Qc8 14. Bg3 Ne8 15. Ne5 Nxe5 16. dxe5 Qc6 17. f3 a6 18. Nd6 Rd8 19. Nxb7 Qxb7 20. Rxd8 Bxd8 21. Qd3 Nc7 22. Rd1 b5 23. Qxd8 Rxd8 24. Rxd8+ Kh7 25. Bd3+ g6 26. Bh4 Nd5 27. Be4 Qc7 28. Bxd5 g5 29. Be4+ Kg7 30. Bxg5 hxg5 31. Rd6 Qa5 32. Kf2 Qxa2 33. Rd2 a5 34. Rc2 c4 35. g4 b4 36. f4 gxf4 37. h4 fxe3+ 38. Kxe3 Qb3+ 39. Kf4 a4 40. Rh2 a3 41. bxa3 bxa3 42. h5 a2 43. h6+ Kh8 44. Rd2 Qb8 45. Rxa2 1-0

[Event "34.Schlosspark-Open"]
[Site "Wiesbaden-Biebrich"]
[Date "2025.08.31"]
[Round "6.57"]
[White "Donecker, Stefan"]
[Black "Rapp, Matthias"]
[Result "0-1"]
[WhiteElo "1780"]
[BlackElo "1869"]
[PlyCount "140"]
[EventDate "2025.08.28"]
[WhiteTeam "SAbt TuS Dotzheim"]
[BlackTeam "Sfr.Mainz 1928"]

1. Nc3 d5 2. e4 dxe4 3. Nxe4 Nf6 4. Nxf6+ exf6 5. Nf3 Bd6 6. d4 O-O 7. Be2 Nc6 8. c3 Ne7 9. h4 Ng6 10. h5 Nf4 11. Bxf4 Bxf4 12. g3 Bh6 13. Qc2 Bg4 14. Rh4 Qd7 15. Nh2 Bxe2 16. Kxe2 Rfe8+ 17. Kf1 Qe6 18. Nf3 Bg5 19. Nxg5 fxg5 20. Rh2 Qc4+ 21. Kg1 Re2 22. Qf5 h6 23. f4 Rxh2 24. Kxh2 Qe2+ 25. Kg1 Qf3 26. g4 Qg3+ 27. Kh1 gxf4 28. Rf1 Qh3+ 29. Kg1 Qe3+ 30. Kh1 Re8 31. Qxf4 Qxf4 32. Rxf4 Re2 33. Rf5 Rxb2 34. a4 Rc2 35. Rc5 c6 36. a5 a6 37. Rc4 Kf8 38. Rb4 Rxc3 39. Rxb7 Ra3 40. Kg2 Rxa5 41. Kf3 Ra4 42. Ke3 a5 43. Rc7 Rc4 44. Kd3 Rc1 45. Kd2 Rg1 46. Rxc6 Rxg4 47. Kc3 Rg5 48. Kc4 Rxh5 49. Rc7 Rf5 50. d5 Ke8 51. Kc5 h5 52. Kc6 Rf1 53. Rc8+ Ke7 54. d6+ Kf6 55. d7 Rd1 56. d8=Q+ Rxd8 57. Rxd8 h4 58. Kd5 Kf5 59. Rf8 g5 60. Rxf7+ Kg4 61. Ke4 h3 62. Rc7 h2 63. Rc1 a4 64. Rd1 a3 65. Rf1 a2 66. Rd1 Kh4 67. Kf3 Kh3 68. Kf2 g4 69. Rd3+ g3+ 70. Rxg3+ Kh4 0-1

[Event "34.Schlosspark-Open"]
[Site "Wiesbaden-Biebrich"]
[Date "2025.08.31"]
[Round "6.58"]
[White "Rotermund, Verena"]
[Black "Sikorra, Philipp"]
[Result "0-1"]
[WhiteElo "1770"]
[BlackElo "1863"]
[PlyCount "146"]
[EventDate "2025.08.28"]
[WhiteTeam "Vorw.Orient Mainz"]
[BlackTeam "SF Schönwald"]

1. c4 e5 2. e4 Nf6 3. Nc3 Bb4 4. Nge2 O-O 5. g3 Nc6 6. Bg2 a5 7. O-O d6 8. h3 Ne7 9. a3 Bxc3 10. bxc3 Be6 11. d3 Qd7 12. Kh2 h6 13. f4 exf4 14. gxf4 Qc8 15. f5 Bd7 16. Qe1 Kh7 17. Qh4 Neg8 18. Be3 g6 19. Rf2 gxf5 20. Rg1 Qd8 21. exf5 Qe7 22. Bg5 Bc6 23. Nf4 Ng4+ 24. Qxg4 Qxg5 25. Qe2 Rae8 26. Be4 Qf6 27. Nh5 Qe5+ 28. Rf4 Nf6 29. Nxf6+ Qxf6 30. Rfg4 Qe5+ 31. Kh1 Qxf5 32. Qg2 Bxe4 33. dxe4 Qe5 34. Rg7+ Kh8 35. Qd2 Qxe4+ 36. Kh2 Qe2+ 37. R7g2 Qxd2 38. Rxd2 Re3 39. c5 Rfe8 40. cxd6 Re2+ 41. Rg2 Rxg2+ 42. Kxg2 cxd6 43. Rxd6 Kg7 44. Rb6 Rc8 45. Rb3 a4 46. Rb4 b5 47. Rxb5 Rxc3 48. Ra5 Rxa3 49. Kf2 Ra2+ 50. Kg1 a3 51. Kh1 Kg6 52. h4 Ra1+ 53. Kh2 f5 54. Kg2 a2 55. Kh2 Kf6 56. Kg2 Ke6 57. Kh2 Kd6 58. Kg2 Kc6 59. Kh2 Kb6 60. Ra8 Kb5 61. Rb8+ Kc4 62. Ra8 Kd3 63. Ra3+ Ke2 64. Ra8 Kf2 65. Ra4 Kf3 66. h5 f4 67. Ra3+ Ke2 68. Ra5 f3 69. Re5+ Kd3 70. Rd5+ Ke4 71. Ra5 f2 72. Ra4+ Ke3 73. Ra3+ Ke2 0-1

[Event "34.Schlosspark-Open"]
[Site "Wiesbaden-Biebrich"]
[Date "2025.08.31"]
[Round "6.59"]
[White "Döhne, Vincent"]
[Black "Morgen, Andreas"]
[Result "1-0"]
[WhiteElo "1839"]
[BlackElo "1766"]
[PlyCount "53"]
[EventDate "2025.08.28"]
[WhiteTeam "SC 1979 Hattersheim"]
[BlackTeam "SK Marburg 1931/72"]

1. e4 e5 2. Nf3 Nc6 3. Bc4 Nf6 4. d3 Bc5 5. O-O d6 6. c3 a5 7. Be3 Bxe3 8. fxe3 O-O 9. Nbd2 Be6 10. Bxe6 fxe6 11. Qb3 Qd7 12. a4 Ne7 13. d4 Ng6 14. d5 exd5 15. exd5 c6 16. dxc6+ Qf7 17. Qxf7+ Rxf7 18. Nc4 bxc6 19. Nxd6 Rd7 20. Nc4 Re7 21. Rfd1 Ne4 22. Ra3 Re6 23. b4 Nxc3 24. Rxc3 axb4 25. Rb3 Rxa4 26. Rd8+ Kf7 27. Ng5+ 1-0

[Event "34.Schlosspark-Open"]
[Site "Wiesbaden-Biebrich"]
[Date "2025.08.31"]
[Round "6.60"]
[White "Moldenhauer, Lennart"]
[Black "Froitzheim, Ralf"]
[Result "1-0"]
[WhiteElo "1767"]
[BlackElo "1851"]
[PlyCount "51"]
[EventDate "2025.08.28"]
[WhiteTeam "SV Oberursel"]
[BlackTeam "Schachgemeinschaft Niederkassel"]

1. e4 c6 2. d4 d5 3. f3 e6 4. Nc3 Bb4 5. a3 Bxc3+ 6. bxc3 dxe4 7. Nh3 exf3 8. Qxf3 Qf6 9. Qg3 Qg6 10. Qf2 Qe4+ 11. Be3 Nf6 12. Bd3 Qg4 13. O-O O-O 14. Nf4 e5 15. h3 Qd7 16. dxe5 Nd5 17. Qh4 g6 18. Nxd5 cxd5 19. Rf6 Nc6 20. Bb5 d4 21. cxd4 Qd5 22. Bxc6 bxc6 23. Rd6 Qc4 24. Qf6 Qc3 25. Bh6 Qxa1+ 26. Kh2 1-0

[Event "34.Schlosspark-Open"]
[Site "Wiesbaden-Biebrich"]
[Date "2025.08.31"]
[Round "6.61"]
[White "Richter, Johanna"]
[Black "Liu, Jonas"]
[Result "1-0"]
[WhiteElo "1851"]
[BlackElo "1755"]
[PlyCount "121"]
[EventDate "2025.08.28"]
[WhiteTeam "Sfr.Heidesheim"]
[BlackTeam "SV Oberursel"]

1. d4 d5 2. c4 e6 3. Nf3 c6 4. Nc3 Nf6 5. Bg5 Be7 6. e3 h6 7. Bh4 Nbd7 8. Bd3 dxc4 9. Bxc4 b5 10. Bd3 a6 11. O-O O-O 12. Rc1 c5 13. Qe2 c4 14. Bb1 Bb7 15. a3 Qb6 16. Rfd1 Rfe8 17. e4 a5 18. Qc2 b4 19. e5 b3 20. Qe2 Nd5 21. Bxe7 Nxc3 22. Rxc3 Rxe7 23. Qxc4 a4 24. Qd3 g6 25. Nd2 Rd8 26. Qe3 Kg7 27. Ne4 Nxe5 28. Nc5 Ng4 29. Qe2 Nf6 30. Nxa4 Qd6 31. Nc5 Qd5 32. f3 Bc6 33. Be4 Nxe4 34. fxe4 Qg5 35. Qe3 Qg4 36. Qf3 Qh4 37. Qg3 Qh5 38. Rd2 e5 39. d5 f5 40. Qe3 f4 41. Qf2 Bd7 42. Nxd7 Rexd7 43. Rxb3 g5 44. Rc3 g4 45. b4 Qg6 46. Qe1 h5 47. Rdc2 Qb6+ 48. Kh1 Qd4 49. Rc4 Qa7 50. Qa1 Re8 51. a4 g3 52. hxg3 fxg3 53. Qc3 h4 54. Rc7 Qxa4 55. Rxd7+ Qxd7 56. Qc6 Qg4 57. Rc1 Qf4 58. Qd7+ Kh6 59. Rc6+ Kg5 60. Qg7+ Kh5 61. Qg6# 1-0

[Event "34.Schlosspark-Open"]
[Site "Wiesbaden-Biebrich"]
[Date "2025.08.31"]
[Round "6.62"]
[White "Münstermann, Matthias"]
[Black "Ziegler, Jörg"]
[Result "1/2-1/2"]
[WhiteElo "1760"]
[BlackElo "1838"]
[PlyCount "79"]
[EventDate "2025.08.28"]
[WhiteTeam "SK Langen"]
[BlackTeam "SAbt BKA Wiesbaden"]

1. d4 d5 2. c4 e6 3. Nf3 Nf6 4. cxd5 exd5 5. Bg5 Be7 6. e3 h6 7. Bh4 c6 8. Be2 O-O 9. O-O Nbd7 10. Nc3 Re8 11. Qc2 Bd6 12. Bd3 Qc7 13. Bg3 Bxg3 14. hxg3 Nf8 15. e4 dxe4 16. Nxe4 Nxe4 17. Bxe4 Bd7 18. d5 Rac8 19. Rac1 Qb6 20. dxc6 Bxc6 21. Bxc6 Rxc6 22. Qd2 Rce6 23. Rfe1 Qa6 24. Rxe6 Rxe6 25. a3 Re2 26. Qb4 Qb6 27. Qxb6 axb6 28. b3 Ne6 29. Rc8+ Kh7 30. b4 Ra2 31. Rb8 Rxa3 32. Rxb7 Rb3 33. Rxb6 Nc7 34. Rb7 Nd5 35. b5 Nf6 36. Kf1 Rb1+ 37. Ke2 Rb2+ 38. Ke1 Rb1+ 39. Ke2 Rb2+ 40. Ke1 1/2-1/2

[Event "34.Schlosspark-Open"]
[Site "Wiesbaden-Biebrich"]
[Date "2025.08.31"]
[Round "6.63"]
[White "Eckert, Michael"]
[Black "Ziska, Stephan"]
[Result "0-1"]
[WhiteElo "1744"]
[BlackElo "1835"]
[PlyCount "125"]
[EventDate "2025.08.28"]
[WhiteTeam "SK Herborn 1946"]
[BlackTeam "SF Bürstadt"]

1. c4 e6 2. Nf3 Nf6 3. g3 d5 4. Bg2 Be7 5. O-O c5 6. cxd5 exd5 7. d4 O-O 8. Nc3 cxd4 9. Nxd4 Nc6 10. h3 Qb6 11. e3 Nxd4 12. exd4 Be6 13. b3 h6 14. Bb2 Rac8 15. Rc1 Rfd8 16. Re1 Qa5 17. Re2 Bb4 18. Qd3 a6 19. a3 Bxc3 20. Rxc3 Rxc3 21. Qxc3 Qb5 22. Re3 Rc8 23. Qd2 Qd7 24. Kh2 Bf5 25. Rc3 Re8 26. Re3 Rc8 27. Rc3 Be4 28. Rxc8+ Qxc8 29. Bf1 Qf5 30. Bg2 Bxg2 31. Kxg2 Qe4+ 32. Kh2 Qf3 33. Qe3 Qd1 34. Qc3 Kh7 35. Qe3 Qc2 36. Bc1 Ne4 37. Kg2 Kh8 38. a4 Nxf2 39. Qxf2 Qxc1 40. Qe2 Qc6 41. Qd2 Qe6 42. b4 Qc6 43. Qf4 b5 44. axb5 Qxb5 45. Qd6 g6 46. Kf2 Qc4 47. Qc5 Qa2+ 48. Kf3 Kg7 49. h4 h5 50. Ke3 Qg2 51. Qd6 Qe4+ 52. Kf2 Qxd4+ 53. Ke2 Qc4+ 54. Kd2 d4 55. Qe5+ Kh7 56. Qc5 Qa2+ 57. Kd3 Qa3+ 58. Kxd4 Qxg3 59. Qe7 Qb3 60. Ke5 Qb2+ 61. Kd5 Qb3+ 62. Kc5 a5 63. b5 0-1

[Event "34.Schlosspark-Open"]
[Site "Wiesbaden-Biebrich"]
[Date "2025.08.31"]
[Round "6.64"]
[White "Depner, Michael"]
[Black "Kolker, Vladislav"]
[Result "1/2-1/2"]
[WhiteElo "1723"]
[BlackElo "1825"]
[PlyCount "55"]
[EventDate "2025.08.28"]
[WhiteTeam "SK 1962 Ladenburg"]
[BlackTeam "SC Bad Nauheim"]

1. e4 e5 2. Nf3 Nc6 3. d4 exd4 4. Bc4 Nf6 5. e5 d5 6. Bb5 Ne4 7. Nxd4 Bd7 8. Bxc6 bxc6 9. O-O Bc5 10. f3 Ng5 11. f4 Ne4 12. Be3 O-O 13. Nd2 f5 14. Nxe4 dxe4 15. Nxf5 Bb6 16. Bxb6 axb6 17. Ng3 Bf5 18. Qxd8 Raxd8 19. Rad1 Rxd1 20. Rxd1 Bg4 21. Rf1 e3 22. h3 Be6 23. f5 e2 24. Re1 Bxf5 25. Nxf5 Rxf5 26. Rxe2 Kf7 27. g4 Rg5 28. e6+ 1/2-1/2

[Event "34.Schlosspark-Open"]
[Site "Wiesbaden-Biebrich"]
[Date "2025.08.31"]
[Round "6.65"]
[White "McAdam, Mark"]
[Black "Urban, Michael"]
[Result "1/2-1/2"]
[WhiteElo "2011"]
[BlackElo "1827"]
[PlyCount "53"]
[EventDate "2025.08.28"]
[WhiteTeam "SC Brett vorm Kopp Ffm"]
[BlackTeam "Bergische SF Bergisch"]

1. d4 d5 2. Nf3 Nf6 3. c4 dxc4 4. g3 Nc6 5. Bg2 e5 6. Qa4 Bb4+ 7. Bd2 Bxd2+ 8. Nbxd2 Bd7 9. Qxc4 exd4 10. Nxd4 Nxd4 11. Qxd4 c6 12. Nc4 O-O 13. O-O Be6 14. Qc3 Qe7 15. e4 Rfe8 16. Rfe1 Rad8 17. Rac1 Qc5 18. b4 Qd4 19. Na5 Qb6 20. a3 Re7 21. Nb3 Bxb3 22. Qxb3 Rd2 23. Qe3 Qxe3 24. Rxe3 Ng4 25. Rec3 Nxf2 26. b5 g6 27. bxc6 1/2-1/2

[Event "34.Schlosspark-Open"]
[Site "Wiesbaden-Biebrich"]
[Date "2025.08.31"]
[Round "6.66"]
[White "Riedel, Thomas"]
[Black "Weidemann, Max"]
[Result "1-0"]
[WhiteElo "1825"]
[BlackElo "1656"]
[PlyCount "71"]
[EventDate "2025.08.28"]
[WhiteTeam "SC Einrich e.V."]
[BlackTeam "Vorw.Orient Mainz"]

1. e4 e5 2. Nf3 Nc6 3. Bc4 Nf6 4. Ng5 d5 5. exd5 Na5 6. Bb5+ c6 7. dxc6 bxc6 8. Qf3 Be7 9. Bxc6+ Nxc6 10. Qxc6+ Bd7 11. Qc4 O-O 12. Nc3 Rc8 13. Qe2 Qc7 14. d3 h6 15. Nge4 Nxe4 16. dxe4 Be6 17. O-O Bc4 18. Qg4 f5 19. exf5 Bxf1 20. Bxh6 Bf6 21. Rxf1 Qb7 22. h4 Kh8 23. Bc1 Qf7 24. Re1 Rc4 25. Ne4 Rxc2 26. h5 Qc7 27. Be3 Rc6 28. g3 Qa5 29. Ra1 Qb5 30. Kg2 Rc4 31. b3 Rc7 32. Rh1 Qe8 33. h6 gxh6 34. Bxh6 Rh7 35. Nxf6 Rxf6 36. Bg7+ 1-0

[Event "34.Schlosspark-Open"]
[Site "Wiesbaden-Biebrich"]
[Date "2025.08.31"]
[Round "6.67"]
[White "Vick, Edward"]
[Black "Brandt, Michael"]
[Result "1/2-1/2"]
[WhiteElo "1719"]
[BlackElo "1817"]
[PlyCount "68"]
[EventDate "2025.08.28"]
[WhiteTeam "TuS Makkabi Wiesbaden"]
[BlackTeam "FT Schierstein"]

1. e4 d5 2. exd5 Qxd5 3. Nc3 Qd6 4. d4 Nf6 5. Nf3 c6 6. Be2 Bg4 7. O-O e6 8. Be3 Be7 9. Ne5 Bxe2 10. Qxe2 O-O 11. Rad1 Qc7 12. Bf4 Bd6 13. Ne4 Nxe4 14. Qxe4 Nd7 15. Nxd7 Qxd7 16. Rd3 Rfd8 17. c3 Bxf4 18. Qxf4 Qd6 19. Qxd6 Rxd6 20. Re3 Kf8 21. b4 a5 22. b5 cxb5 23. Rd1 Rad8 24. Rb1 b4 25. cxb4 Rxd4 26. bxa5 Rd1+ 27. Re1 Rxe1+ 28. Rxe1 Rd5 29. Rb1 Rxa5 30. Rb2 Rd5 31. Kf1 b5 32. Ke2 Ke7 33. g4 g5 34. Ke3 f5 1/2-1/2

[Event "34.Schlosspark-Open"]
[Site "Wiesbaden-Biebrich"]
[Date "2025.08.31"]
[Round "6.68"]
[White "Drygalla, Alexander"]
[Black "Kappeler, Georg"]
[Result "0-1"]
[WhiteElo "1689"]
[BlackElo "1768"]
[PlyCount "92"]
[EventDate "2025.08.28"]
[WhiteTeam "Schachverein Merseburg"]
[BlackTeam "SK Marburg 1931/72"]

1. e4 c5 2. Nf3 d6 3. d4 cxd4 4. Nxd4 Nf6 5. Nc3 g6 6. Be3 Bg7 7. f3 O-O 8. Qd2 Nc6 9. O-O-O d5 10. Nxd5 Nxd5 11. Nxc6 bxc6 12. exd5 cxd5 13. Bd4 e5 14. Bc5 Re8 15. Bb5 Bd7 16. Bc4 Rc8 17. Qxd5 Qg5+ 18. Qd2 Qxd2+ 19. Rxd2 Rxc5 20. Bxf7+ Kxf7 21. Rxd7+ Re7 22. Rhd1 Rc7 23. Rxc7 Rxc7 24. c3 Ke7 25. Kc2 Rd7 26. Re1 Kd6 27. Re4 Bh6 28. g3 Rf7 29. Rh4 Be3 30. Kd3 Bb6 31. Ke2 Kd5 32. b4 Re7 33. c4+ Kc6 34. a4 a5 35. b5+ Kc5 36. Kd3 Kb4 37. Re4 Rd7+ 38. Kc2 Bc7 39. f4 Rd4 40. Rxd4 exd4 41. Kd3 Kc5 42. b6 Bxb6 43. g4 Bc7 44. f5 gxf5 45. gxf5 Bxh2 46. f6 Bd6 0-1

[Event "34.Schlosspark-Open"]
[Site "Wiesbaden-Biebrich"]
[Date "2025.08.31"]
[Round "6.70"]
[White "Khalilov, Asrat"]
[Black "Rabiya, Karim"]
[Result "1-0"]
[WhiteElo "1680"]
[BlackElo "1800"]
[PlyCount "35"]
[EventDate "2025.08.28"]
[WhiteTeam "SK Bad Schwalbach"]
[BlackTeam "SK Niederbrechen 1948"]

1. Nf3 d6 2. d4 g6 3. Bf4 Bg7 4. e3 b6 5. Nc3 Nd7 6. Bd3 Bb7 7. Be2 c6 8. O-O f5 9. Bd3 Ngf6 10. h3 Nh5 11. Bh2 e5 12. dxe5 dxe5 13. Be2 O-O 14. Ng5 Qxg5 15. Qxd7 Rf7 16. Bc4 Kh8 17. Qxf7 Rb8 18. Qc7 1-0

[Event "34.Schlosspark-Open"]
[Site "Wiesbaden-Biebrich"]
[Date "2025.08.31"]
[Round "6.71"]
[White "Schellen, Sven"]
[Black "Porstendörfer, Yannik"]
[Result "1-0"]
[WhiteElo "1806"]
[BlackElo "1742"]
[PlyCount "57"]
[EventDate "2025.08.28"]
[WhiteTeam "SV Frankfurt Nord 1926"]
[BlackTeam "SK 1982 Klingenberg e.V."]

1. e4 e5 2. Bc4 Nf6 3. d4 exd4 4. Nf3 d6 5. Ng5 d5 6. exd5 h6 7. Nf3 Bb4+ 8. c3 dxc3 9. Qa4+ Nc6 10. bxc3 Bc5 11. dxc6 Qe7+ 12. Kd1 O-O 13. Nd4 Ng4 14. Rf1 Re8 15. Bd2 Ne5 16. Re1 Bg4+ 17. f3 Bxd4 18. cxd4 Nxc4 19. Qxc4 Be6 20. d5 b5 21. Qb3 Bxd5 22. Qxd5 Qf6 23. Bc3 Rxe1+ 24. Kxe1 Qh4+ 25. Kf1 Qxh2 26. Qe5 Qh1+ 27. Kf2 f6 28. Qe6+ Kf8 29. Bb4# 1-0

[Event "34.Schlosspark-Open"]
[Site "Wiesbaden-Biebrich"]
[Date "2025.08.31"]
[Round "6.72"]
[White "Diehl, Stefan"]
[Black "Duizendstra, Ben"]
[Result "1-0"]
[WhiteElo "1856"]
[BlackElo "1591"]
[PlyCount "73"]
[EventDate "2025.08.28"]
[WhiteTeam "SC 1910 Höchst"]
[BlackTeam "SK Bad Schwalbach"]

1. f4 d5 2. Nf3 Nf6 3. e3 c6 4. b3 Bg4 5. h3 Bxf3 6. Qxf3 e6 7. Bb2 Bd6 8. Bd3 Nbd7 9. g3 Qc7 10. c4 e5 11. Bf5 Nc5 12. Qe2 g6 13. Bc2 O-O-O 14. O-O Rhe8 15. b4 Ncd7 16. c5 Be7 17. a4 exf4 18. Rxf4 Nh5 19. Rxf7 Qxg3+ 20. Qg2 Qxg2+ 21. Kxg2 Ndf6 22. Be5 Rd7 23. d4 Rf8 24. Rxf8+ Bxf8 25. Nc3 b6 26. Rf1 Bg7 27. Bd1 Kb7 28. b5 Ne4 29. Nxe4 Bxe5 30. Nc3 Bc7 31. bxc6+ Kxc6 32. Be2 Kb7 33. c6+ Kxc6 34. Bb5+ Kd6 35. Bxd7 Kxd7 36. Rf7+ Kc6 37. Nxd5 1-0

[Event "34.Schlosspark-Open"]
[Site "Wiesbaden-Biebrich"]
[Date "2025.08.31"]
[Round "6.73"]
[White "Gärtner, Johannes"]
[Black "Stehning, Ralf"]
[Result "1-0"]
[WhiteElo "1740"]
[BlackElo "1877"]
[PlyCount "115"]
[EventDate "2025.08.28"]
[WhiteTeam "Sfr.Mainz 1928"]
[BlackTeam "SF Braunfels"]

1. e4 e5 2. Nf3 Nc6 3. Bb5 a6 4. Ba4 Nf6 5. O-O Nxe4 6. Re1 Nc5 7. Bxc6 dxc6 8. d4 e4 9. Nc3 Be7 10. Nxe4 Nxe4 11. Rxe4 Be6 12. Bf4 O-O 13. Qd2 Bd5 14. Re3 Bd6 15. Ne5 f6 16. Nd3 Qd7 17. Rae1 Rae8 18. Nc5 Qc8 19. Rxe8 Rxe8 20. Rxe8+ Qxe8 21. Bxd6 cxd6 22. Nxb7 c5 23. Nxd6 Qc6 24. dxc5 Bxg2 25. Nf5 Kf7 26. Qd6 Qe4 27. Qd7+ Kg6 28. Qxg7+ Kxf5 29. Qxg2 Qxc2 30. Qd5+ Kf4 31. Qd6+ Kg4 32. Qg3+ Kf5 33. Qh3+ Kf4 34. Qh6+ Ke5 35. Qh5+ Kf4 36. Qh4+ Ke5 37. f4+ Ke6 38. Qh3+ Ke7 39. Qe3+ Kf8 40. Qd4 Qb1+ 41. Kg2 Qg6+ 42. Kf3 Qh5+ 43. Ke4 Qxh2 44. Qxf6+ Kg8 45. Qd8+ Kf7 46. Qd7+ Kg8 47. Kd5 Qg2+ 48. Kd6 Qd2+ 49. Ke7 Qxf4 50. Qe6+ Kg7 51. c6 Qc7+ 52. Qd7 Qe5+ 53. Kd8+ Kf8 54. c7 Qf6+ 55. Kc8 Qb6 56. Qd5 h6 57. Qb7 Qe6+ 58. Kb8 1-0